| 000 | 00846nam a22002777a 4500 | ||
|---|---|---|---|
| 001 | 0163 | ||
| 003 | DO-SdBNP | ||
| 005 | 20170925103514.0 | ||
| 007 | 0163 | ||
| 008 | 151005b1995 dr 00| 0 spa d | ||
| 040 |
_aBPMSU _bspa _cBPMSU |
||
| 082 | 4 |
_a306 _bH764s |
|
| 245 | 0 | 0 |
_aHombre y sociedad _blecturas escogidadas / _ccompilador José Alcántara Almánzar |
| 250 | _a2a. ed. rev. y aum. | ||
| 260 |
_aSanto Domingo : _bINTEC, _c1995. |
||
| 300 |
_a306 p. : _c23 cm. |
||
| 500 | _aIncluye referencias bibliográficas y notas al pie de las páginas | ||
| 650 | 4 | _aSOCIOLOGÍA | |
| 650 | 4 | _aANTROPOLOGÍA | |
| 700 | 1 | 2 |
_aAlcántara Almánzar, José _ecomp. |
| 710 | 2 | _aInstituto tecnologíco de Santo Domingo | |
| 910 | _aValidado. Control de calidad MFF | ||
| 942 |
_2ddc _cBK |
||
| 945 | _aInventariado, 2017/MFF | ||
| 956 | _aYngrid Lockward | ||
| 999 |
_c8979 _d8979 |
||